New Seven Wonders of the World - Statistics

General Stats
  • This quiz has been taken 42 times
  • The average score is 4 of 7
Answer Stats
Hint Answer % Correct
Gladiator Colosseum
89%
4,000 miles The Great Wall of China
80%
Mausoleum Taj Mahal
71%
Central American Pyramid Chichen Itza
57%
In the Desert Petra
49%
In the Mountains Macchu Picchu
46%
Near the Jungle Christ the Redeemer
43%
No matching quizzes found
Score Distribution
Percent of People with Each Score
Percentile by Number Answered
Your Score History
You have not taken this quiz